LEADER 02200nam a2200325 4500 001 000000338471 003 CaOOAMICUS 005 20231211144850.0 008 191210s1652 fr 000 u lat r 026 $as-n- i-m- t.n- Rotu (3) 1652 (R) 040 $aSeMil$bita 100 11$aMartinon, Jean,$d<1586-1662>.$0(OLS)http://semarc/name/110636 245 00$aAnti-Iansenius. Hoc est, Selectae disputationes de haeresi pelagiana et semipelagiana: deque variis statibus naturae humanae: & de gratiā Christi saluatoris, in quibus vera de illis doctrina proponitur, & Cornelij Iansenij Iprensis falsa dogmata refutantur. Selectore & auctore Antonino Moraines, sacrae theologiae professore. 264 1$aLutetiae Parisiorum :$b sumptibus Sebastiani Cramoisy, regis ac reginae architypographi, viā Iacobaeā sub Ciconiis : et Gabrielis Cramoisy,$c1652. 300 $a[32], 723, [65] p. ;$cfol. 500 $aIniz, testate xilogr. 500 $aFront. stampato in rosso e nero 500 $aSegn.: ć? ?? ?? A-3M? 3N? 3O-3V? 500 $aAntonin Moraines č lo pseudonimo di Jean Martinon, vedi BNF 500 $aTesto su due colonne 500 $aCors. ; rom. 650 4$aGiansenismo.$0(OLS)http://semarc/subject/2623 650 4$aPelagianesimo.$0(OLS)http://semarc/subject/10215 700 1 $aCramoisy, Gabriel,$c.$0(OLS)http://semarc/name/29571 700 1 $aCramoisy, Sébastien$b<1.,$cEditore,$d1585-1669>.$0(OLS)http://semarc/name/7608 850 $aSeMil 852 $aSeMil$W1$xVenegono$y1$m3X VI 15 FA$j217577$B229694$CSeMilBibl$Z2$F229694 $8I 996 $6245$aAnti-Iansenius. Hoc est, Selectae disputationes de haeresi pelagiana et semipelagiana: deque variis statibus naturae humanae: & de gratiā Christi saluatoris, in quibus vera de illis doctrina proponitur, & Cornelij Iansenij Iprensis falsa dogmata refutantur. Selectore & auctore Antonino Moraines, sacrae theologiae professore$9(OLS)http://semarc/title/427322 996 $6264$aLutetiae Parisiorum :$b sumptibus Sebastiani Cramoisy, regis ac reginae architypographi, viā Iacobaeā sub Ciconiis : et Gabrielis Cramoisy$9(OLS)http://semarc/publisher/58737 LEADER 01019nam a2200241 i 4500 001 000000205311 003 CaOOAMICUS 005 20110819000000.0 008 110819s1962 it u000 u ita u 013 $a184048 040 $aSeMil$bita 100 1 $aDe Feo, Italo <1912->.$0(OLS)http://semarc/name/31084 245 10$aVenti secoli di giornalismo :$ble grandi firme e i grandi reportages della storia /$cItalo De Feo. 260 $aRoma :$bEd. Canesi,$c1962. 300 $a639 p. ;$c25 cm. 490 0 $aLe grandi strenne 500 $aContiene : Nota bibliografica. 650 4$aGiornalismo - Storia.$0(OLS)http://semarc/subject/15079 830 3$aLe grandi strenne.$0(OLS)http://semarc/title/27263 850 $aSeMil 852 $aSeMil$W1$xVenegono$y1$m3U II 377$j155805$B155805$CSeMilBibl$Z2$F167154 $81 996 $6245$aVenti secoli di giornalismo :$ble grandi firme e i grandi reportages della storia$9(OLS)http://semarc/title/297166 996 $6260$aRoma :$bEd. Canesi$9(OLS)http://semarc/publisher/33235